[Event "Barbera del Valles op 47th"]
[Site "Barbera del Valles"]
[Date "2025.07.11"]
[Round "8"]
[White "Diaz Perez, Michel Alejandro"]
[Black "Alsina Leal, Daniel"]
[Result "1/2-1/2"]
[WhiteElo "2459"]
[BlackElo "2489"]
[PlyCount "61"]
[EventDate "2025.07.04"]
[EventType "swiss"]
[EventRounds "8"]
[EventCountry "ESP"]
[SourceTitle "CB29_2025"]
[SourceDate "2025.07.16"]
[SourceVersion "1"]
[SourceVersionDate "2025.07.16"]
[SourceQuality "1"]

1. d4 Nf6 2. c4 g6 3. Nc3 d5 4. cxd5 Nxd5 5. e4 Nxc3 6. bxc3 Bg7 7. Bc4 c5 8. Ne2 0-0 9. 0-0 Nc6 10. Be3 Bg4 11. f3 Bd7 12. h4 b5 13. Bxb5 Nxd4 14. Bxd7 Nxe2+ 15. Qxe2 Qxd7 16. Rad1 Qa4 17. Bxc5 Rfc8 18. Bxe7 Rxc3 19. Rd2 Re8 20. Bg5 f5 21. Qd1 Qxd1 22. Rfxd1 fxe4 23. Rd8 Rxd8 24. Rxd8+ Kf7 25. Rd7+ Kg8 26. fxe4 h6 27. Bd2 Ra3 28. Rd8+ Kf7 29. Rd7+ Kg8 30. Rd8+ Kf7 31. Rd7+ 1/2-1/2

[Event "Barbera del Valles op 47th"]
[Site "Barbera del Valles"]
[Date "2025.07.06"]
[Round "3"]
[White "Sole Pijuan, Ferran"]
[Black "Alsina Leal, Daniel"]
[Result "0-1"]
[WhiteElo "2253"]
[BlackElo "2489"]
[PlyCount "128"]
[EventDate "2025.07.04"]
[EventType "swiss"]
[EventRounds "8"]
[EventCountry "ESP"]
[SourceTitle "CB29_2025"]
[SourceDate "2025.07.16"]
[SourceVersion "1"]
[SourceVersionDate "2025.07.16"]
[SourceQuality "1"]

1. d4 d5 2. c4 e6 3. Nc3 Nf6 4. cxd5 exd5 5. Bg5 Be6 6. e3 Nbd7 7. Bd3 c6 8. Nge2 h6 9. Bh4 g5 10. Bg3 Nh5 11. f3 Nxg3 12. Nxg3 h5 13. Qd2 b5 14. Nge2 Nb6 15. b3 a5 16. 0-0 Bg7 17. f4 b4 18. Nd1 g4 19. Rc1 Bd7 20. Bb1 Nc8 21. e4 dxe4 22. Bxe4 0-0 23. d5 cxd5 24. Qxd5 Ra6 25. Nf2 Rd6 26. Qxh5 f5 27. Bb1 Be8 28. Qg5 Qxg5 29. fxg5 Bb5 30. Rfe1 Rd2 31. Rc2 Rfd8 32. Ng3 Bc3 33. Rxd2 Rxd2 34. Bxf5 Nd6 35. Be6+ Kf8 36. Nge4 Nxe4 37. Nxe4 Bd4+ 38. Kh1 Rxa2 39. Bxg4 Bd3 40. Nd6 Be5 41. Nf5 Bc3 42. Rd1 Ra1 43. Ne3 a4 44. Rxa1 Bxa1 45. Bd1 a3 46. Bc2 Be2 47. Bb1 Bd4 48. Nd5 Bd3 49. Ba2 Bc5 50. Nf4 Bf5 51. h3 Kf7 52. g4 Be4+ 53. Kh2 Bd6 54. Kg3 Be5 55. h4 Kg7 56. h5 Kh7 57. h6 Bd6 58. g6+ Kxh6 59. g7 Kxg7 60. g5 Kf7 61. Kg4 Be5 62. Nh5 Ke6 63. Ng3 Bxg3 64. Kxg3 Ke5 0-1

[Event "Barbera del Valles op 47th"]
[Site "Barbera del Valles"]
[Date "2025.07.04"]
[Round "1"]
[White "Fernandez Aguilar, Francisco"]
[Black "Alsina Leal, Daniel"]
[Result "0-1"]
[WhiteElo "2126"]
[BlackElo "2489"]
[PlyCount "82"]
[EventDate "2025.07.04"]
[EventType "swiss"]
[EventRounds "8"]
[EventCountry "ESP"]
[SourceTitle "CB29_2025"]
[SourceDate "2025.07.16"]
[SourceVersion "1"]
[SourceVersionDate "2025.07.16"]
[SourceQuality "1"]

1. d4 Nf6 2. Nf3 d5 3. e3 c5 4. c3 e6 5. Bd3 b6 6. Nbd2 Be7 7. 0-0 0-0 8. e4 dxe4 9. Nxe4 Bb7 10. Nxf6+ Bxf6 11. dxc5 bxc5 12. Qe2 Nd7 13. Be4 Bxe4 14. Qxe4 Rb8 15. Rd1 Qc8 16. Nd2 Nb6 17. Qg4 g6 18. Ne4 Bg7 19. Qh4 f5 20. Nd6 Qc6 21. Qe7 Qd7 22. Bg5 Rfd8 23. Qxd7 Rxd7 24. Be3 Be5 25. Nb5 f4 26. Bxc5 Rxd1+ 27. Rxd1 Na4 28. Nxa7 Rxb2 29. Bd4 Bxd4 30. cxd4 Nc3 31. Ra1 Ne2+ 32. Kf1 Nxd4 33. a4 Nb3 34. Ra3 Na5 35. Nb5 Kf7 36. Rc3 Kf6 37. Rc7 h5 38. Ra7 Nc4 39. Rc7 Nd2+ 40. Ke2 Ne4+ 41. Kf3 Ke5 0-1

[Event "Pula op 37th"]
[Site "Pula"]
[Date "2025.06.23"]
[Round "9"]
[White "Popovic, Milan S"]
[Black "Alsina Leal, Daniel"]
[Result "1/2-1/2"]
[WhiteElo "2313"]
[BlackElo "2487"]
[PlyCount "147"]
[EventDate "2025.06.15"]
[EventType "swiss"]
[EventRounds "9"]
[EventCountry "CRO"]
[SourceTitle "CB26_2025"]
[SourceDate "2025.06.25"]
[SourceVersion "1"]
[SourceVersionDate "2025.06.25"]
[SourceQuality "1"]

1. e4 c5 2. Nf3 Nc6 3. Bb5 g6 4. Bxc6 dxc6 5. d3 Qc7 6. a4 e5 7. a5 Nf6 8. h3 Nh5 9. 0-0 Nf4 10. Bxf4 exf4 11. Nc3 Bg7 12. e5 0-0 13. Re1 f6 14. Ne4 fxe5 15. Nxc5 Bf5 16. Qd2 b6 17. Ne4 h6 18. Qc3 Kh7 19. axb6 axb6 20. b4 Rfc8 21. Nfd2 Be6 22. Qb2 c5 23. bxc5 bxc5 24. c4 Bf5 25. Reb1 Rxa1 26. Rxa1 Qd7 27. Ra3 Rc7 28. Qb6 Qc6 29. Qb1 Rb7 30. Qa2 Qc7 31. Ra5 Rb2 32. Qa3 Rb7 33. Rxc5 Qb8 34. Ra5 Qd8 35. Ra7 Rxa7 36. Qxa7 Qd7 37. Qxd7 Bxd7 38. Kf1 Kg8 39. Nc5 Bf5 40. Ke2 Kf7 41. Nf3 g5 42. Nd2 Bf8 43. Nce4 Be7 44. f3 h5 45. Kf2 g4 46. hxg4 hxg4 47. fxg4 Bxg4 48. Nf3 Ke6 49. Ke2 Bh5 50. Kf2 Be8 51. Nfd2 Bc6 52. Ke2 Kf5 53. Kf3 Bf8 54. Nf1 Be7 55. g3 fxg3 56. Nfxg3+ Kg6 57. Ke3 Ba3 58. Kd2 Bb4+ 59. Ke2 Be7 60. Nf1 Kf5 61. Ne3+ Ke6 62. Nd1 Be8 63. Ndc3 Bc6 64. Kd2 Bf8 65. Kc2 Be7 66. Kb3 Bf8 67. Na2 Kf5 68. Nac3 Ke6 69. Nd2 Bh6 70. Kc2 Bf8 71. Nb3 Be7 72. Nd2 Bf8 73. Kb3 Bh6 74. Nde4 1/2-1/2

[Event "Pula op 37th"]
[Site "Pula"]
[Date "2025.06.22"]
[Round "8"]
[White "Alsina Leal, Daniel"]
[Black "Stevanic, David"]
[Result "1-0"]
[WhiteElo "2487"]
[BlackElo "2269"]
[PlyCount "115"]
[EventDate "2025.06.15"]
[EventType "swiss"]
[EventRounds "9"]
[EventCountry "CRO"]
[SourceTitle "CB26_2025"]
[SourceDate "2025.06.25"]
[SourceVersion "1"]
[SourceVersionDate "2025.06.25"]
[SourceQuality "1"]

1. c4 Nf6 2. Nc3 g6 3. d4 Bg7 4. g3 0-0 5. Bg2 d6 6. Nf3 Nbd7 7. 0-0 e5 8. e4 exd4 9. Nxd4 Nc5 10. h3 Re8 11. Re1 a5 12. Ndb5 Bd7 13. Bf4 Bxb5 14. cxb5 Nfd7 15. Qc2 h5 16. Be3 Ne6 17. f4 c5 18. bxc6 bxc6 19. Rad1 Qe7 20. Qd2 Rab8 21. Qxd6 Rxb2 22. e5 Qxd6 23. Rxd6 Nxe5 24. fxe5 Bxe5 25. Rd3 Bxg3 26. Re2 Reb8 27. Bxc6 Be5 28. Rxb2 Rxb2 29. Bd5 Ng7 30. Bb3 Nf5 31. Bf2 Kg7 32. Nd1 Rb1 33. Rd7 Nd6 34. Kg2 Kh6 35. Be3+ g5 36. h4 f6 37. hxg5+ fxg5 38. Bc5 Ne4 39. Bf8+ Kg6 40. Bc2 Ra1 41. Bxe4+ Kf6 42. a3 Ke6 43. Rd2 Bf4 44. Bd5+ Kf5 45. Rd3 h4 46. Ne3+ Kg6 47. Bc5 Re1 48. Bf3 Rb1 49. Ng4 Rb2+ 50. Nf2 Bg3 51. Bg4 Rb5 52. Be3 a4 53. Kf3 Rb1 54. Ne4 Be5 55. Rd5 Bb2 56. Rxg5+ Kf7 57. Rb5 Rf1+ 58. Ke2 1-0

[Event "Pula op 37th"]
[Site "Pula"]
[Date "2025.06.19"]
[Round "5"]
[White "Rogic, Davor"]
[Black "Alsina Leal, Daniel"]
[Result "1/2-1/2"]
[WhiteElo "2337"]
[BlackElo "2487"]
[PlyCount "152"]
[EventDate "2025.06.15"]
[EventType "swiss"]
[EventRounds "9"]
[EventCountry "CRO"]
[SourceTitle "CB26_2025"]
[SourceDate "2025.06.25"]
[SourceVersion "1"]
[SourceVersionDate "2025.06.25"]
[SourceQuality "1"]

1. e4 c5 2. Nf3 Nc6 3. d4 cxd4 4. Nxd4 Nf6 5. Nc3 e5 6. Ndb5 d6 7. Bg5 a6 8. Na3 b5 9. Nd5 Be7 10. Bxf6 Bxf6 11. c4 b4 12. Nc2 0-0 13. Be2 a5 14. Bg4 Bb7 15. 0-0 Nb8 16. Qe2 Na6 17. Rad1 g6 18. b3 Bg7 19. Bh3 Nc5 20. g3 h5 21. Bg2 h4 22. Qe3 Ne6 23. Qd2 Bxd5 24. Qxd5 Nd4 25. Nxd4 exd4 26. e5 dxe5 27. Qxa8 Qxa8 28. Bxa8 Rxa8 29. Rfe1 hxg3 30. hxg3 f5 31. f3 Kf7 32. Re2 Rd8 33. Kf1 Kf6 34. c5 Ke6 35. c6 Kd6 36. Rc2 Rc8 37. Rdc1 Rc7 38. Rc5 d3 39. Rxa5 e4 40. fxe4 fxe4 41. Rg5 Bc3 42. Rxg6+ Kd5 43. Rd1 Rf7+ 44. Kg2 d2 45. Rg8 Kxc6 46. Re8 Kd5 47. Rd8+ Ke5 48. Rf1 Ra7 49. Kf2 Rxa2 50. Ke3 Rc2 51. Rd1 Bd4+ 52. Ke2 Bc3 53. Re8+ Kd4 54. Rd8+ Ke5 55. Re8+ Kd4 56. Rd8+ Kc5 57. R1xd2 Rc1 58. R2d5+ Kc6 59. R8d6+ Kc7 60. Rd7+ Kc6 61. R7d6+ Kc7 62. Rd1 Rc2+ 63. Ke3 Rb2 64. Kxe4 Rxb3 65. Rg6 Rb2 66. Rh1 Re2+ 67. Kd5 Re5+ 68. Kc4 Re4+ 69. Kb3 Re7 70. Rh5 Rf7 71. Ra5 Kb7 72. Rd5 Kc7 73. Ra5 Kb7 74. Raa6 Rf3 75. Rab6+ Kc7 76. Rb5 Rf5 1/2-1/2

[Event "Catalunya-ch"]
[Site "Salou"]
[Date "2025.05.22"]
[Round "3.2"]
[White "Gines Esteo, Pedro Antonio"]
[Black "Alsina Leal, Daniel"]
[Result "1-0"]
[WhiteElo "2471"]
[BlackElo "2488"]
[PlyCount "101"]
[EventDate "2025.05.17"]
[EventType "k.o."]
[EventRounds "4"]
[EventCountry "ESP"]
[SourceTitle "CB22_2025"]
[SourceDate "2025.05.28"]
[SourceVersion "1"]
[SourceVersionDate "2025.05.28"]
[SourceQuality "1"]

1. d4 Nf6 2. c4 e6 3. Nc3 Bb4 4. Qc2 d6 5. Nf3 0-0 6. Bd2 b6 7. e4 c5 8. a3 Bxc3 9. Bxc3 cxd4 10. Nxd4 e5 11. Nb3 Qc7 12. Bd3 a5 13. Qe2 a4 14. Nd2 Nbd7 15. 0-0 Nc5 16. Bc2 Ne6 17. Qe3 Qc5 18. Rae1 Qxe3 19. Rxe3 Rd8 20. g3 Nd7 21. f4 f6 22. f5 Nec5 23. Rd1 Ba6 24. Bb4 Kf7 25. g4 Ke7 26. Kf2 Rdc8 27. Rc3 Bb7 28. Rg3 Nb8 29. g5 Nc6 30. gxf6+ Kxf6 31. Nf3 Rd8 32. Bd2 Rd7 33. Bg5+ Kf7 34. Be3 h6 35. Rdg1 Rg8 36. Bxh6 Nd4 37. Rxg7+ Rxg7 38. Rxg7+ Ke8 39. Rg8+ Ke7 40. Rf8 Nxe4+ 41. Bxe4 Bxe4 42. f6+ Ke6 43. Ng5+ Kf5 44. f7 Ne6 45. Re8 Nxg5 46. f8Q+ Rf7 47. Bxg5 Rxf8 48. Rxf8+ Kxg5 49. Rd8 Bd3 50. Rxd6 Bxc4 51. Rxb6 1-0

[Event "Vecindario Montalvo Memorial 17th"]
[Site "Vecindario"]
[Date "2025.04.19"]
[Round "8"]
[White "Torres Rebolledo, Alvaro"]
[Black "Alsina Leal, Daniel"]
[Result "1-0"]
[WhiteElo "2311"]
[BlackElo "2496"]
[PlyCount "109"]
[EventDate "2025.04.12"]
[EventType "swiss"]
[EventRounds "9"]
[EventCountry "ESP"]
[SourceTitle "CB17_2025"]
[SourceDate "2025.04.23"]
[SourceVersion "1"]
[SourceVersionDate "2025.04.23"]
[SourceQuality "1"]

1. e4 c5 2. Nf3 Nc6 3. d4 cxd4 4. Nxd4 Nf6 5. Nc3 e5 6. Ndb5 d6 7. Nd5 Nxd5 8. exd5 Ne7 9. c3 Nf5 10. a4 Be7 11. Bd3 0-0 12. 0-0 Bd7 13. f4 exf4 14. Bxf4 a6 15. Na3 Nh4 16. Kh1 Ng6 17. Bg3 Qc7 18. Nc4 b5 19. axb5 axb5 20. Na3 Qb6 21. Qe2 Rae8 22. Bxb5 Bh4 23. Qf2 Qxf2 24. Bxf2 Bxf2 25. Rxf2 Re7 26. Bxd7 Rxd7 27. Nb5 Rb8 28. c4 Ne5 29. b3 Kf8 30. Rfa2 Ke7 31. Ra7 Rbb7 32. Rxb7 Rxb7 33. Ra6 Rd7 34. Kg1 Nd3 35. Nd4 Kf6 36. Nc6 Rb7 37. b4 Nxb4 38. Nxb4 Rxb4 39. Rxd6+ Ke7 40. Rc6 Kd7 41. Kf2 Rb2+ 42. Kf3 Rc2 43. h4 h5 44. g3 Rc3+ 45. Kf4 f6 46. c5 Rd3 47. Ke4 Rxg3 48. Ra6 g5 49. Ra7+ Kc8 50. d6 Rc3 51. Kd5 gxh4 52. c6 Kb8 53. Rh7 Re3 54. Rh8+ Ka7 55. c7 1-0

[Event "Vecindario Montalvo Memorial 17th"]
[Site "Vecindario"]
[Date "2025.04.18"]
[Round "7"]
[White "Alsina Leal, Daniel"]
[Black "Strikovic, Aleksa"]
[Result "1/2-1/2"]
[WhiteElo "2496"]
[BlackElo "2367"]
[PlyCount "104"]
[EventDate "2025.04.12"]
[EventType "swiss"]
[EventRounds "9"]
[EventCountry "ESP"]
[SourceTitle "CB17_2025"]
[SourceDate "2025.04.23"]
[SourceVersion "1"]
[SourceVersionDate "2025.04.23"]
[SourceQuality "1"]

1. e4 d6 2. d4 Nf6 3. Nc3 e5 4. Nf3 Nbd7 5. g4 h6 6. h3 c6 7. a4 exd4 8. Nxd4 d5 9. exd5 Nxd5 10. Nxd5 cxd5 11. Qe2+ Be7 12. Nf5 Nf6 13. Qxe7+ Qxe7+ 14. Nxe7 Kxe7 15. Be3 h5 16. g5 Ne4 17. 0-0-0 Be6 18. Bg2 Rhc8 19. Rd4 Rc6 20. Rhd1 Rac8 21. c3 Rc4 22. a5 a6 23. Rxd5 Bxd5 24. Rxd5 Ke6 25. Rd3 f5 26. gxf6 gxf6 27. Bd4 f5 28. Bf3 h4 29. Bd1 Nc5 30. Re3+ Kd7 31. Bc2 f4 32. Re1 Rxd4 33. Bf5+ Kd8 34. cxd4 Nd3+ 35. Kd2 Nxe1 36. Bxc8 Nf3+ 37. Ke2 Nxd4+ 38. Kd3 Nb3 39. Bg4 Nxa5 40. Be2 Nb3 41. Ke4 f3 42. Bd1 Nc5+ 43. Kxf3 Ke7 44. Ke3 Kd6 45. f4 a5 46. Be2 Na4 47. b3 Nc5 48. Bc4 b5 49. Bxb5 Nxb3 50. Bc4 a4 51. Bg8 Nc5 52. Ba2 Ke7 1/2-1/2

[Event "Vecindario Montalvo Memorial 17th"]
[Site "Vecindario"]
[Date "2025.04.13"]
[Round "2"]
[White "Bethencourt Hernandez, Alberto"]
[Black "Alsina Leal, Daniel"]
[Result "0-1"]
[WhiteElo "2122"]
[BlackElo "2496"]
[PlyCount "114"]
[EventDate "2025.04.12"]
[EventType "swiss"]
[EventRounds "9"]
[EventCountry "ESP"]
[SourceTitle "CB17_2025"]
[SourceDate "2025.04.23"]
[SourceVersion "1"]
[SourceVersionDate "2025.04.23"]
[SourceQuality "1"]

1. e4 c5 2. Nf3 d6 3. Bb5+ Nd7 4. 0-0 a6 5. Bd3 e6 6. c3 Ngf6 7. Re1 b5 8. Bc2 Be7 9. d4 Bb7 10. Bf4 0-0 11. a4 Qc7 12. Qe2 e5 13. Bg3 Nh5 14. dxe5 Nxg3 15. hxg3 dxe5 16. axb5 axb5 17. Rxa8 Rxa8 18. Qxb5 Ba6 19. Qb3 c4 20. Qa2 Bc5 21. b4 Bb6 22. Qb2 Nf6 23. Rf1 Ng4 24. Nh2 Nxh2 25. Kxh2 Rd8 26. Bd1 Qd6 27. Be2 Qh6+ 28. Kg1 Qg5 29. Qa2 Bb7 30. Qxc4 Qxg3 31. Bf3 Qg6 32. Qe2 h5 33. Re1 h4 34. Bh5 Qg5 35. Qg4 Qxg4 36. Bxg4 Ra8 37. Nd2 Ra2 38. Re2 Rc2 39. Nc4 Rc1+ 40. Kh2 Bc7 41. Re3 Ba6 42. Be2 Rc2 43. Kh3 Bd8 44. Bd1 Rxf2 45. Nxe5 Rd2 46. Bb3 Bc8+ 47. g4 hxg3+ 48. Kxg3 Bc7 49. Bxf7+ Kf8 50. Rf3 Bxe5+ 51. Kh4 Rh2+ 52. Kg5 Rg2+ 53. Kh4 Bf6+ 54. Rxf6 gxf6 55. Bd5 Rg4+ 56. Kh5 Rg3 57. c4 Kg7 0-1

[Event "Catalunya-chT Gp1 Title"]
[Site "Barcelona"]
[Date "2025.03.15"]
[Round "4.2"]
[White "Alsina Leal, Daniel"]
[Black "Sosa, Tomas"]
[Result "1-0"]
[WhiteElo "2490"]
[BlackElo "2517"]
[PlyCount "66"]
[EventDate "2025.02.22"]
[EventType "team-k.o."]
[EventRounds "4"]
[EventCountry "ESP"]
[SourceTitle "CB18_2025"]
[SourceDate "2025.04.30"]
[SourceVersion "1"]
[SourceVersionDate "2025.04.30"]
[SourceQuality "1"]
[WhiteTeam "Barbera"]
[BlackTeam "Mollet"]
[WhiteTeamCountry "ESP"]
[BlackTeamCountry "ESP"]

1. e4 e5 2. Nf3 d6 3. d4 exd4 4. Nxd4 Nf6 5. Nc3 Be7 6. g3 Bg4 7. f3 Bd7 8. Be3 Nc6 9. Qd2 0-0 10. 0-0-0 Nxd4 11. Bxd4 Be6 12. f4 c5 13. Bxf6 Bxf6 14. Nd5 Bxd5 15. Qxd5 Qa5 16. g4 b5 17. h4 Rae8 18. g5 Bxb2+ 19. Kxb2 Qb4+ 20. Qb3 Qxe4 21. Bxb5 Rb8 22. Ka1 a6 23. Bd3 Qxf4 24. Qc3 d5 25. Rhf1 Qc7 26. Rb1 Rxb1+ 27. Rxb1 c4 28. Bf1 Qf4 29. Bg2 Rd8 30. Rf1 Qxh4 31. Qe5 Rf8 32. Bxd5 Kh8 33. Rxf7 Rg8 1-0

[Event "Catalunya-chT Gp3"]
[Site "Barcelona"]
[Date "2025.02.15"]
[Round "5.2"]
[White "Blanco Ronquillo, Humberto L"]
[Black "Alsina Leal, Daniel"]
[Result "0-1"]
[WhiteElo "2442"]
[BlackElo "2484"]
[PlyCount "138"]
[EventDate "2025.01.18"]
[EventType "team-tourn"]
[EventRounds "5"]
[EventCountry "ESP"]
[SourceTitle "CB10_2025"]
[SourceDate "2025.03.05"]
[SourceVersion "1"]
[SourceVersionDate "2025.03.05"]
[SourceQuality "1"]
[WhiteTeam "Badalona Cor de Marina"]
[BlackTeam "Barbera"]
[WhiteTeamCountry "ESP"]
[BlackTeamCountry "ESP"]

1. c4 e5 2. Nc3 Bb4 3. Nd5 a5 4. Nf3 d6 5. a3 Bc5 6. d4 exd4 7. Nxd4 Ne7 8. Bg5 f6 9. Be3 0-0 10. g3 Re8 11. Bg2 c6 12. Nc3 Nf5 13. Nxf5 Bxf5 14. Bxc5 dxc5 15. Qxd8 Rxd8 16. Be4 Bxe4 17. Nxe4 b6 18. Nc3 a4 19. e3 Nd7 20. f4 Re8 21. 0-0-0 Nf8 22. Rd3 f5 23. Rd6 Rec8 24. Re1 h6 25. e4 fxe4 26. Rxe4 Ra7 27. h4 Kf7 28. Re5 Rd7 29. Ne4 Rcc7 30. Kc2 Rxd6 31. Nxd6+ Kg8 32. Ne4 Kf7 33. Nc3 Ra7 34. g4 Ne6 35. f5 Nd4+ 36. Kc1 g6 37. fxg6+ Kxg6 38. Ne4 Rf7 39. h5+ Kg7 40. Ng3 Rf3 41. Nf5+ Kf6 42. Re8 Nxf5 43. gxf5 Rxf5 44. Rc8 Kg5 45. Rxc6 Rf6 46. Rc8 Rf4 47. Rc6 Rxc4+ 48. Kd2 b5 49. Kd3 Kxh5 50. Rb6 Rd4+ 51. Ke3 b4 52. Rb5 Rc4 53. Kd3 Rd4+ 54. Ke3 Rc4 55. Kd3 Rf4 56. Ke3 Kg4 57. Rxc5 bxa3 58. bxa3 Rf3+ 59. Ke2 Rxa3 60. Rc4+ Kg3 61. Rc5 Ra1 62. Kd2 a3 63. Kc2 Rf1 64. Rc3+ Rf3 65. Rc6 h5 66. Rg6+ Kf4 67. Ra6 h4 68. Kd2 h3 69. Ke2 Rb3 0-1

[Event "ESP-ch 89th"]
[Site "Marbella"]
[Date "2024.12.12"]
[Round "2"]
[White "Garcia Fernandez, Victor"]
[Black "Alsina Leal, Daniel"]
[Result "1/2-1/2"]
[WhiteElo "2360"]
[BlackElo "2489"]
[PlyCount "104"]
[EventDate "2024.12.11"]
[EventType "swiss"]
[EventRounds "9"]
[EventCountry "ESP"]
[SourceTitle "CB52_2024"]
[SourceDate "2024.12.25"]
[SourceVersion "1"]
[SourceVersionDate "2024.12.25"]
[SourceQuality "1"]

1. d4 Nf6 2. c4 c6 3. Nc3 d5 4. cxd5 cxd5 5. Bf4 Nc6 6. e3 Bf5 7. Nf3 e6 8. Ne5 Nxe5 9. dxe5 Nd7 10. e4 dxe4 11. Bb5 Bc5 12. Rc1 a6 13. Bxd7+ Qxd7 14. Qxd7+ Kxd7 15. Na4 Ba7 16. Be3 b5 17. Nb6+ Bxb6 18. Bxb6 Rhc8 19. Kd2 Rc6 20. Ba5 Rac8 21. Rxc6 Rxc6 22. Rc1 e3+ 23. fxe3 Rxc1 24. Kxc1 Kc6 25. Kd2 Be4 26. g3 Kd5 27. Ke2 g5 28. Bc3 h5 29. a3 Bf5 30. Bd4 Ke4 31. Kf2 Kd5 32. Bc3 Bg4 33. Bb4 Bf5 34. Bc3 g4 35. Bd4 Be4 36. Bc3 Kc4 37. Bb4 Kb3 38. Bc3 Ka4 39. Bd4 b4 40. Bc5 a5 41. axb4 Kb5 42. Bd6 a4 43. Bc5 Kc4 44. Bd4 Kxb4 45. Bc3+ Kc4 46. Bd4 Bc6 47. Ke2 Bb5 48. Ke1 Ba6 49. Kf2 Kd3 50. h4 Ke4 51. Bc3 Bc4 52. Bd4 Kf5 1/2-1/2

[Event "ESP-ch 89th"]
[Site "Marbella"]
[Date "2024.12.11"]
[Round "1"]
[White "Alsina Leal, Daniel"]
[Black "Gonzalez Gonzalez, Alfonso"]
[Result "1-0"]
[WhiteElo "2489"]
[BlackElo "2114"]
[PlyCount "65"]
[EventDate "2024.12.11"]
[EventType "swiss"]
[EventRounds "9"]
[EventCountry "ESP"]
[SourceTitle "CB52_2024"]
[SourceDate "2024.12.25"]
[SourceVersion "1"]
[SourceVersionDate "2024.12.25"]
[SourceQuality "1"]

1. e4 c6 2. Nf3 d5 3. d3 Bg4 4. h3 Bxf3 5. Qxf3 e6 6. g3 g6 7. Bg2 Bg7 8. 0-0 Ne7 9. Qe2 Nd7 10. Nd2 a5 11. a4 0-0 12. h4 Ra6 13. h5 b5 14. d4 Rb6 15. Nb3 dxe4 16. h6 Bf6 17. axb5 Rxb5 18. Bd2 Nf5 19. Qxe4 Rxb3 20. cxb3 Nxd4 21. Bxa5 Qb8 22. b4 Qd6 23. Rfd1 e5 24. Rac1 Nb8 25. Bb6 Rc8 26. Bh3 Nd7 27. Bc5 Qc7 28. Bxd4 exd4 29. b5 c5 30. b6 Qd6 31. b7 Rb8 32. Bxd7 Bg5 33. Qc6 1-0

[Event "Figueira da Foz op 18th"]
[Site "Figueira da Foz"]
[Date "2024.11.12"]
[Round "3"]
[White "Martins, Bruno Andre Leite"]
[Black "Alsina Leal, Daniel"]
[Result "1/2-1/2"]
[WhiteElo "2323"]
[BlackElo "2473"]
[PlyCount "121"]
[EventDate "2024.11.10"]
[EventType "swiss"]
[EventRounds "9"]
[EventCountry "POR"]
[SourceTitle "CB47_2024"]
[SourceDate "2024.11.20"]
[SourceVersion "1"]
[SourceVersionDate "2024.11.20"]
[SourceQuality "1"]

1. e4 c5 2. Nf3 d6 3. d4 cxd4 4. Nxd4 Nf6 5. Nc3 a6 6. f3 e5 7. Nb3 Be6 8. Be3 h5 9. Nd5 Bxd5 10. exd5 Nbd7 11. Qd2 g6 12. 0-0-0 Bg7 13. Kb1 Rc8 14. c4 b6 15. Be2 Nc5 16. Na1 0-0 17. Nc2 a5 18. h4 Re8 19. g4 e4 20. gxh5 Nxh5 21. Rdg1 exf3 22. Bxf3 Qf6 23. Nd4 Rxe3 24. Qxe3 Qxd4 25. Qxd4 Bxd4 26. Bxh5 Bxg1 27. Rxg1 Ne4 28. b3 Kh7 29. Bd1 Kh6 30. Kb2 Nc5 31. Rf1 f5 32. h5 Re8 33. Ka3 Re5 34. hxg6 Kxg6 35. Bc2 Kg5 36. Rg1+ Kf6 37. Rf1 Kg5 38. Rg1+ Kf6 39. Rf1 Kg6 40. b4 Re3+ 41. Bb3 Nd3 42. bxa5 bxa5 43. Ka4 Nc5+ 44. Kb5 Nxb3 45. axb3 Rxb3+ 46. Kc6 Rc3 47. Rf4 Kg5 48. Rd4 f4 49. Kxd6 f3 50. c5 f2 51. Rd1 a4 52. Rf1 Rc2 53. c6 Kf4 54. c7 Kg3 55. Kd7 Kg2 56. Rxf2+ Kxf2 57. c8Q Rxc8 58. Kxc8 a3 59. d6 a2 60. d7 a1Q 61. d8Q 1/2-1/2

[Event "EU-Cup 39th"]
[Site "Vrnjacka Banja"]
[Date "2024.10.26"]
[Round "7.33"]
[White "Alsina Leal, Daniel"]
[Black "Garifulin, Yury"]
[Result "1-0"]
[WhiteElo "2474"]
[BlackElo "2101"]
[PlyCount "65"]
[EventDate "2024.10.20"]
[EventType "team-swiss"]
[EventRounds "7"]
[EventCountry "SRB"]
[SourceTitle "CB45_2024"]
[Source "ChessBase"]
[SourceDate "2024.11.06"]
[SourceVersion "1"]
[SourceVersionDate "2024.11.06"]
[SourceQuality "1"]
[WhiteTeam "White Rose"]
[BlackTeam "Sremska Mitrovica Sirmium"]
[WhiteTeamCountry "ENG"]
[BlackTeamCountry "SRB"]

1. e4 e6 2. d4 d5 3. e5 c5 4. c3 Nc6 5. Nf3 Bd7 6. Be2 Nge7 7. Na3 Nf5 8. Nc2 f6 9. Bf4 cxd4 10. cxd4 fxe5 11. Nxe5 Bd6 12. Nxc6 Bxc6 13. Bxd6 Qxd6 14. 0-0 0-0 15. Bd3 e5 16. dxe5 Qxe5 17. Bxf5 Rxf5 18. Qd4 Qd6 19. f4 Re8 20. Rae1 Rff8 21. Rxe8 Rxe8 22. Re1 Rxe1+ 23. Nxe1 Qe7 24. Nf3 Qe2 25. h3 h6 26. a3 a6 27. Ne5 Kh8 28. f5 Bb5 29. Ng6+ Kh7 30. Nf8+ Kg8 31. Ne6 Kf7 32. Qxg7+ Ke8 33. Qf8+ 1-0

[Event "EU-Cup 39th"]
[Site "Vrnjacka Banja"]
[Date "2024.10.25"]
[Round "6.1"]
[White "Peoples, Jonathon"]
[Black "Alsina Leal, Daniel"]
[Result "0-1"]
[WhiteElo "1885"]
[BlackElo "2474"]
[PlyCount "42"]
[EventDate "2024.10.20"]
[EventType "team-swiss"]
[EventRounds "7"]
[EventCountry "SRB"]
[SourceTitle "CB44_2024"]
[Source "Chessbase"]
[SourceDate "2024.10.30"]
[SourceVersion "1"]
[SourceVersionDate "2024.10.30"]
[SourceQuality "1"]
[WhiteTeam "Dublin Univ College"]
[BlackTeam "White Rose"]
[WhiteTeamCountry "IRL"]
[BlackTeamCountry "ENG"]

1. d4 Nf6 2. c4 e6 3. Nc3 Bb4 4. Qc2 0-0 5. e4 d5 6. e5 Ne4 7. Bd3 c5 8. Bf4 cxd4 9. Bxe4 dxe4 10. 0-0-0 Bxc3 11. bxc3 d3 12. Qd2 b5 13. c5 Nd7 14. Qe3 Qa5 15. Kb2 b4 16. c4 b3 17. a4 Nxc5 18. Qg3 Nxa4+ 19. Kb1 b2 20. Ne2 Nc3+ 21. Nxc3 Qa1# 0-1

[Event "EU-Cup 39th"]
[Site "Vrnjacka Banja"]
[Date "2024.10.22"]
[Round "3.1"]
[White "Noe, Christopher"]
[Black "Alsina Leal, Daniel"]
[Result "1/2-1/2"]
[WhiteElo "2516"]
[BlackElo "2474"]
[PlyCount "73"]
[EventDate "2024.10.20"]
[EventType "team-swiss"]
[EventRounds "7"]
[EventCountry "SRB"]
[SourceTitle "CB44_2024"]
[Source "Chessbase"]
[SourceDate "2024.10.30"]
[SourceVersion "1"]
[SourceVersionDate "2024.10.30"]
[SourceQuality "1"]
[WhiteTeam "De Sprenger Echternach"]
[BlackTeam "White Rose"]
[WhiteTeamCountry "GER"]
[BlackTeamCountry "ENG"]

1. d4 Nf6 2. c4 g6 3. f3 Bg7 4. e4 d6 5. Be3 0-0 6. Qd2 c5 7. d5 e6 8. Nc3 exd5 9. cxd5 a6 10. a4 Re8 11. Nge2 Nbd7 12. Ng3 h5 13. Be2 h4 14. Nf1 Rb8 15. Bg5 h3 16. g4 c4 17. Bxc4 b5 18. axb5 axb5 19. Bxb5 Nc5 20. Bxe8 Rxb2 21. Qe3 Qb6 22. Bc6 Ba6 23. Rxa6 Qxa6 24. Nd2 Nd3+ 25. Ke2 Ne5+ 26. Bb5 Rxb5 27. Nxb5 Qxb5+ 28. Kd1 Nfd7 29. Qb3 Qa6 30. Be3 Nd3 31. Kc2 N7c5 32. Qc4 Nb4+ 33. Kd1 Qa1+ 34. Qc1 Qa6 35. Qc4 Qa1+ 36. Qc1 Qa6 37. Qc4 1/2-1/2